[Event "European Rapid 2014"]
[Site "Wroclaw POL"]
[Date "2014.12.20"]
[Round "5.4"]
[White "Dragun, Kamil"]
[Black "Wojtaszek, Radoslaw"]
[Result "0-1"]
[WhiteTitle "GM"]
[BlackTitle "GM"]
[WhiteElo "2547"]
[BlackElo "2744"]
[WhiteFideId "1134167"]
[BlackFideId "1118358"]
[EventDate "2014.12.20"]

1. d4 Nf6 2. c4 e6 3. Nf3 b6 4. g3 Ba6 5. Qa4 Be7 6. Nc3 O-O 7. Bg2 c6 8. O-O d5
9. cxd5 cxd5 10. Bf4 Qd7 11. Qxd7 Nbxd7 12. Rfc1 Rfc8 13. Nd2 Nh5 14. Be3 Bb4
15. Bf3 Nhf6 16. Bf4 h6 17. h4 Rc6 18. a3 Bxc3 19. Rxc3 Rxc3 20. bxc3 Rc8 21.
Rc1 Nb8 22. g4 Nc6 23. e3 Na5 24. g5 hxg5 25. hxg5 Nd7 26. e4 Bb7 27. Kg2 Nf8
28. Bd6 Ng6 29. Kg3 dxe4 30. Nxe4 Bxe4 31. Bxe4 Nc4 32. Bf4 Nxf4 33. Kxf4 Nxa3
34. d5 Nb5 35. c4 Nd6 36. dxe6 fxe6 37. Bd3 Rc5 38. g6 Kf8 39. Rh1 Ke7 40. Rh8
e5+ 41. Kg3 e4 42. Be2 Nxc4 43. Ra8 a5 44. Rb8 b5 45. Kf4 Nd6 46. Ke3 a4 47. Kd4
Rc2 48. Bh5 a3 49. Rg8 Kf6 50. Rf8+ 0-1

[Event "European Rapid 2014"]
[Site "Wroclaw POL"]
[Date "2014.12.20"]
[Round "5.5"]
[White "Bortnyk, Olexandr"]
[Black "Alekseev, Evgeny"]
[Result "1/2-1/2"]
[WhiteTitle "IM"]
[BlackTitle "GM"]
[WhiteElo "2533"]
[BlackElo "2679"]
[WhiteFideId "14120828"]
[BlackFideId "4138147"]
[EventDate "2014.12.20"]

1. Nf3 d5 2. g3 Nf6 3. Bg2 e6 4. O-O Be7 5. d3 c5 6. Nbd2 Nc6 7. e4 O-O 8. c3 b5
9. Re1 a5 10. a4 b4 11. Qc2 Re8 12. c4 dxe4 13. dxe4 e5 14. Nb3 Bg4 15. Be3 Nd7
16. h3 Be6 17. Nc1 Nd4 1/2-1/2

[Event "European Rapid 2014"]
[Site "Wroclaw POL"]
[Date "2014.12.20"]
[Round "5.6"]
[White "Shimanov, Aleksandr"]
[Black "Fedorchuk, Sergey A."]
[Result "1-0"]
[WhiteTitle "GM"]
[BlackTitle "GM"]
[WhiteElo "2591"]
[BlackElo "2669"]
[WhiteFideId "4198603"]
[BlackFideId "14102536"]
[EventDate "2014.12.20"]

1. d4 Nf6 2. Nf3 e6 3. Bg5 h6 4. Bh4 c5 5. e3 b6 6. Nbd2 Bb7 7. Bd3 Be7 8. O-O
O-O 9. c3 cxd4 10. exd4 Nh5 11. Bxe7 Qxe7 12. Re1 d6 13. a4 a6 14. Qb3 Qc7 15.
Ne4 Nf4 16. Bf1 Nc6 17. c4 d5 18. cxd5 Nxd5 19. Rac1 Qe7 20. Nc3 Qb4 21. Bc4
Qxb3 22. Bxb3 Nf4 23. Rcd1 Na5 24. Ba2 Bxf3 25. gxf3 b5 26. Re4 Nh3+ 27. Kg2 Ng5
28. Re5 Nc6 29. Rc5 Ne7 30. f4 Nh7 31. axb5 axb5 32. Rxb5 Nf6 33. d5 Ng6 34. Kf3
Nh4+ 35. Kg3 Nf5+ 36. Kh3 Nd6 37. Rb4 exd5 38. Bxd5 Rab8 39. Rxb8 Rxb8 40. Rd2
Rb4 41. Bf3 Nf5 42. Ne2 g5 43. fxg5 hxg5 44. Kg2 Nh4+ 45. Kg3 Kg7 46. Nc3 Rf4
47. Bd1 Kg6 48. Bc2+ Kg7 49. Bd1 Rb4 50. f3 Nf5+ 51. Kf2 Rh4 52. Ke1 Rb4 53. Rg2
Kh6 54. Rd2 Nd4 55. Na2 Rc4 56. b3 Nxf3+ 57. Bxf3 Rh4 58. b4 g4 59. Bc6 Rh3 60.
b5 Rb3 61. Kd1 Nh5 62. Kc2 Ra3 63. Kb2 1-0

[Event "European Rapid 2014"]
[Site "Wroclaw POL"]
[Date "2014.12.20"]
[Round "5.7"]
[White "Popov, Valerij"]
[Black "Edouard, Romain"]
[Result "1/2-1/2"]
[WhiteTitle "GM"]
[BlackTitle "GM"]
[WhiteElo "2555"]
[BlackElo "2659"]
[WhiteFideId "4119410"]
[BlackFideId "633429"]
[EventDate "2014.12.20"]

1. Nf3 d5 2. c4 d4 3. g3 c5 4. Bg2 Nc6 5. O-O g6 6. e3 Bg7 7. Na3 Nf6 8. exd4
cxd4 9. d3 O-O 10. Re1 Bf5 11. Ne5 Nxe5 12. Rxe5 Nd7 13. Rb5 a6 14. Rxf5 gxf5
15. Bxb7 Rb8 16. Bxa6 e5 17. Bb5 e4 18. Bf4 Ne5 19. Bxe5 Bxe5 20. Nc2 Rb6 21.
Qh5 Qf6 22. Nb4 Qg6 23. Qxg6+ hxg6 24. a4 Re6 25. a5 Bd6 26. Nc6 exd3 27. Rd1
Re2 28. b4 Rb2 29. Rxd3 Re8 30. a6 Re1+ 31. Kg2 Ra1 32. c5 Bxc5 33. bxc5 Rxb5
34. a7 Rxc5 35. Rxd4 Rxc6 36. Rd8+ 1/2-1/2

[Event "European Rapid 2014"]
[Site "Wroclaw POL"]
[Date "2014.12.20"]
[Round "5.8"]
[White "Belous, Vladimir"]
[Black "Bologan, Viktor"]
[Result "0-1"]
[WhiteTitle "GM"]
[BlackTitle "GM"]
[WhiteElo "2578"]
[BlackElo "2643"]
[WhiteFideId "4174003"]
[BlackFideId "13900048"]
[EventDate "2014.12.20"]

1. Nf3 g6 2. c4 Bg7 3. Nc3 c5 4. d4 cxd4 5. Nxd4 Nc6 6. Nc2 Bxc3+ 7. bxc3 Nf6 8.
g3 b6 9. Bg2 Bb7 10. Bh6 Ng4 11. Bf4 Qc8 12. h3 Nge5 13. c5 O-O 14. cxb6 axb6
15. O-O Nc4 16. Bh6 Re8 17. Ne3 Nxe3 18. Bxe3 Ne5 19. Bxb7 Qxb7 20. Qd4 d6 21.
f4 Nc6 22. Qxb6 Qd7 23. Bf2 Reb8 24. Qe3 Qxh3 25. a4 Na5 26. Qxe7 Re8 27. Qxd6
Nc4 28. Qc6 Ne3 29. Rfc1 Ng4 30. Qf3 Ra5 31. Bb6 Rh5 32. Re1 Ne3 33. Bxe3 Rxe3
34. Kf2 Rxf3+ 35. Kxf3 Qc8 0-1

[Event "European Rapid 2014"]
[Site "Wroclaw POL"]
[Date "2014.12.20"]
[Round "5.9"]
[White "Volokitin, Andrei"]
[Black "Aleksandrov, Aleksej"]
[Result "0-1"]
[WhiteTitle "GM"]
[BlackTitle "GM"]
[WhiteElo "2626"]
[BlackElo "2593"]
[WhiteFideId "14107090"]
[BlackFideId "13500139"]
[EventDate "2014.12.20"]

1. e4 e5 2. Nf3 Nc6 3. Bb5 Nf6 4. O-O Nxe4 5. d4 Nd6 6. Bxc6 dxc6 7. dxe5 Nf5 8.
Qxd8+ Kxd8 9. Rd1+ Ke8 10. Nc3 Be7 11. Bg5 Bxg5 12. Nxg5 h6 13. Nge4 Ke7 14. Rd3
Rd8 15. Rad1 Rxd3 16. Rxd3 b6 17. f4 Ba6 18. Rd1 Rd8 19. Kf2 Nd4 20. Rd2 h5 21.
Ng5 c5 22. Nce4 Bb7 23. c3 Nc6 24. Rxd8 Nxd8 25. Ke3 Nc6 26. Nf3 Bc8 27. Ng3 g6
28. f5 h4 29. fxg6 fxg6 30. Ne4 h3 31. gxh3 Bxh3 32. Kf4 Be6 33. a3 a5 34. Nh4
Bf7 35. Ng5 Be8 36. Ngf3 Kf7 37. Ng5+ Ke7 38. Ngf3 Kf7 39. Kg5 Kg7 40. Ng2 Nd8
41. Nf4 Bc6 42. Kg4 Bd7+ 43. Kh4 Bf5 44. Ng5 Nc6 45. Nge6+ Kh6 46. Kg3 g5 47.
Nxc7 0-1

[Event "European Rapid 2014"]
[Site "Wroclaw POL"]
[Date "2014.12.20"]
[Round "5.10"]
[White "Piorun, Kacper"]
[Black "Navara, David"]
[Result "0-1"]
[WhiteTitle "GM"]
[BlackTitle "GM"]
[WhiteElo "2517"]
[BlackElo "2727"]
[WhiteFideId "1130420"]
[BlackFideId "309095"]
[EventDate "2014.12.20"]

1. e4 c5 2. Nf3 e6 3. d4 cxd4 4. Nxd4 Nc6 5. Nc3 a6 6. Nxc6 bxc6 7. Bd3 d5 8.
O-O Nf6 9. Qe2 Be7 10. b3 O-O 11. Bb2 Bb7 12. Rfe1 d4 13. Na4 e5 14. c3 c5 15.
Ba3 Qc7 16. cxd4 c4 17. Rac1 Bxa3 18. Rxc4 Qa5 19. Nc5 Bxc5 20. Rxc5 Qb6 21.
Rec1 exd4 22. e5 Nd7 23. Rc7 Rac8 24. Rxc8 Rxc8 25. Bc4 Bd5 26. Qg4 Qg6 27. Qh3
Be6 28. Qh4 Nxe5 0-1

[Event "European Rapid 2014"]
[Site "Wroclaw POL"]
[Date "2014.12.20"]
[Round "5.11"]
[White "Gajewski, Grzegorz"]
[Black "Duda, Jan-Krzysztof"]
[Result "0-1"]
[WhiteTitle "GM"]
[BlackTitle "GM"]
[WhiteElo "2643"]
[BlackElo "2603"]
[WhiteFideId "1116207"]
[BlackFideId "1170546"]
[EventDate "2014.12.20"]

1. d4 d5 2. c4 e6 3. Nc3 c6 4. e3 Nf6 5. Bd3 Nbd7 6. b3 e5 7. cxd5 Nxd5 8. Nxd5
cxd5 9. dxe5 Nxe5 10. Bb2 Qa5+ 11. Kf1 Nxd3 12. Qxd3 b6 13. Ne2 Ba6 14. Qd4 f6
15. Rc1 Bc5 16. Qc3 Qb5 17. Qd2 Bb4 18. Qd1 O-O 19. a4 Qd7 20. Kg1 Rac8 21. Nd4
Rxc1 22. Qxc1 Rc8 23. Qb1 Qe8 24. h4 Qe4 25. Qxe4 dxe4 26. h5 Kf7 27. Rh4 Bd3
28. Rg4 Rc5 29. Rh4 a6 30. g3 Rd5 31. Kg2 Bc5 32. Rh1 Bxd4 33. Bxd4 Be2 34. Rh4
Bf3+ 35. Kh3 b5 36. g4 bxa4 37. bxa4 Ra5 38. Kg3 Rxa4 39. Kf4 h6 40. Rh3 Rc4 41.
Rg3 Rc1 42. Bb6 Ke6 43. Ba5 Rf1 44. Bb4 Bh1 45. Rh3 Rxf2+ 46. Kg3 Rg2+ 47. Kh4
Rg1 48. Rg3 Rb1 49. Bf8 Kf7 50. Bd6 a5 51. Rh3 Bf3 52. Rh2 Rg1 53. Bg3 a4 54.
Ra2 Rc1 55. Bd6 Rh1+ 56. Bh2 Bd1 57. Kg3 Bb3 58. Rd2 a3 59. Kg2 Rd1 0-1

[Event "European Rapid 2014"]
[Site "Wroclaw POL"]
[Date "2014.12.20"]
[Round "5.12"]
[White "Tomczak, Jacek"]
[Black "Bosiocic, Marin"]
[Result "1-0"]
[WhiteTitle "GM"]
[BlackTitle "GM"]
[WhiteElo "2561"]
[BlackElo "2555"]
[WhiteFideId "1124668"]
[BlackFideId "14507927"]
[EventDate "2014.12.20"]

1. e4 e5 2. Nf3 Nc6 3. d4 exd4 4. Nxd4 Nf6 5. Nxc6 bxc6 6. e5 Qe7 7. Qe2 Nd5 8.
Nd2 Bb7 9. c4 Nb6 10. a4 a5 11. b3 d5 12. exd6 Qxe2+ 13. Bxe2 Bxd6 14. Bb2 O-O
15. O-O-O Bc8 16. Bf3 Bd7 17. Ne4 Bf4+ 18. Kb1 Bf5 19. Ka2 Nd7 20. g3 Be5 21.
Rxd7 Bxb2 22. Rxc7 Be5 23. Rxc6 Rad8 24. Rc5 Bxe4 25. Bxe4 Rd2+ 26. Kb1 Bc3 27.
Bc2 Re8 28. Rf1 g6 29. Rd5 Bd4 30. Rd1 Rxd1+ 31. Bxd1 Bc3 32. Kc2 Bb4 33. Bf3
Kf8 34. Rd1 Re1 35. Kd3 Rxd1+ 36. Bxd1 Ke7 37. Bf3 Bc5 38. Ke2 f5 39. Bd5 g5 40.
h3 Kf6 41. f4 gxf4 42. gxf4 Bd6 43. Ke3 Bc5+ 44. Kd3 h6 45. h4 Bd6 46. Kd4 Ke7
47. Bf3 Kd7 48. Kd5 Bxf4 49. h5 Kc7 50. c5 Bd2 51. Be2 Bb4 52. Bd3 f4 53. Be4
Ba3 54. Bf3 Bb4 55. c6 Ba3 56. Ke6 Bb4 57. Kf7 1-0

[Event "European Rapid 2014"]
[Site "Wroclaw POL"]
[Date "2014.12.20"]
[Round "5.13"]
[White "Stopa, Jacek"]
[Black "Swiercz, Dariusz"]
[Result "0-1"]
[WhiteTitle "IM"]
[BlackTitle "GM"]
[WhiteElo "2521"]
[BlackElo "2616"]
[WhiteFideId "1119591"]
[BlackFideId "1126881"]
[EventDate "2014.12.20"]

1. d4 Nf6 2. c4 g6 3. f3 Nc6 4. d5 Ne5 5. e4 d6 6. Nc3 Bg7 7. Be2 O-O 8. f4 Ned7
9. Nh3 Nc5 10. Nf2 e5 11. fxe5 Ne8 12. exd6 Nxd6 13. O-O Qh4 14. g3 Qe7 15. Qc2
Re8 16. Bf3 Nxc4 17. Bg2 b6 18. a4 Ne5 19. b4 Na6 20. b5 Nc5 21. a5 Bd7 22. Ra2
Nb7 23. Ba3 Qg5 24. Bc1 Qe7 25. Ba3 Qd8 26. axb6 axb6 27. Bb4 Rxa2 28. Qxa2 Nd6
29. Qe2 Qa8 30. Bh3 Qc8 31. Bxd7 Qxd7 32. Nfd1 Nec4 33. Qd3 h5 34. Kh1 Qg4 35.
Nf2 Ne5 36. Qd1 Qd7 37. Qe2 Ng4 38. Nxg4 hxg4 39. Rf4 f5 40. Qd3 Bxc3 41. Bxc3
Rxe4 42. Rxe4 Nxe4 43. Kg1 Nxc3 44. Qxc3 Qxb5 45. d6 cxd6 46. Qf6 Qb1+ 47. Kf2
Qc2+ 48. Ke3 Qe4+ 49. Kd2 Qd5+ 50. Kc2 Qc4+ 51. Kb1 Qb3+ 52. Kc1 Qa3+ 53. Kb1
Qd3+ 54. Kc1 Qe3+ 55. Kc2 Qe2+ 56. Kb3 Qb5+ 57. Ka2 Qa5+ 58. Kb3 Qd5+ 59. Kc2
Qc5+ 60. Kb3 Qe3+ 61. Ka4 Qe8+ 62. Kb4 b5 63. Ka5 d5 64. Qd6 Kh7 65. Qxd5 Kh6
66. Qd6 Kh7 67. Qc7+ Kg8 68. Qd6 Kf7 69. Qc5 Qd7 70. Qc3 Qd5 71. Qc7+ Kf6 72.
Qb6+ Kg5 73. Qe3+ Kh5 74. Qe7 Kh6 75. Qf8+ Kh7 76. Qe7+ Kg8 77. Qe8+ Kg7 78.
Qe7+ Qf7 79. Qe5+ Qf6 80. Qc7+ Kh6 81. Kxb5 Qb2+ 82. Ka4 Qa2+ 83. Kb4 Qb2+ 84.
Ka4 Qxh2 85. Qf4+ Kh5 86. Qc7 Qa2+ 87. Kb4 Qb2+ 88. Ka4 Qd4+ 89. Kb5 Qd5+ 90.
Kb4 Kh6 91. Qb8 Qd4+ 92. Kb3 Kg7 93. Qc7+ Kf6 94. Kc2 Qd5 95. Qb8 Ke6 96. Qg8+
Ke5 97. Qb8+ Qd6 98. Qb5+ Kf6 99. Qb3 Qc5+ 100. Kd1 Qg1+ 101. Ke2 Qg2+ 102. Ke1
Qe4+ 103. Kd2 Qg2+ 104. Ke1 Qe4+ 105. Kd2 f4 106. Qb6+ Qe6 107. Qd4+ Qe5 108.
Qd8+ Kg7 109. gxf4 Qxf4+ 110. Ke2 Qf3+ 111. Ke1 Qc3+ 112. Ke2 Qe5+ 113. Kd2 g3 0-1

[Event "European Rapid 2014"]
[Site "Wroclaw POL"]
[Date "2014.12.20"]
[Round "5.14"]
[White "Miton, Kamil"]
[Black "Bodnaruk, Anastasia"]
[Result "1-0"]
[WhiteTitle "GM"]
[BlackTitle "IM"]
[WhiteElo "2601"]
[BlackElo "2416"]
[WhiteFideId "1111914"]
[BlackFideId "4181751"]
[EventDate "2014.12.20"]

1. d4 Nf6 2. c4 g6 3. Nc3 Bg7 4. e4 d6 5. Bd3 O-O 6. Nge2 e5 7. d5 a5 8. h3 Na6
9. Be3 h5 10. Qd2 Bd7 11. O-O Nh7 12. f4 exf4 13. Rxf4 Nb4 14. Raf1 Nxd3 15.
Qxd3 Qe7 16. Bd4 Be5 17. R4f2 Rae8 18. Nf4 c5 19. dxc6 bxc6 20. Qd2 Bc8 21. Kh1
Bb7 22. Bxe5 dxe5 23. Nd3 Rd8 24. Qe3 Rd4 25. b3 Qd6 26. Ne1 Qd8 27. Na4 Kg7 28.
Nc5 Bc8 29. Nf3 Rd6 30. Nxe5 f6 31. Ned3 Qe7 32. Qg3 Kh6 33. e5 fxe5 34. Rxf8
Nxf8 35. Nxe5 Rf6 36. Rxf6 Qxf6 37. Ne4 Qf5 38. Nd6 Qf1+ 39. Kh2 Be6 40. Nf3 Qc1
41. Qe5 h4 42. Nxh4 Qg5 43. Nf3 Qe7 44. Ne4 Nd7 45. Qh8+ Qh7 46. Qxh7+ 1-0

[Event "European Rapid 2014"]
[Site "Wroclaw POL"]
[Date "2014.12.20"]
[Round "5.15"]
[White "Riazantsev, Alexander"]
[Black "Licznerski, Lukasz"]
[Result "1-0"]
[WhiteTitle "GM"]
[BlackTitle "FM"]
[WhiteElo "2684"]
[BlackElo "2318"]
[WhiteFideId "4125029"]
[BlackFideId "1179250"]
[EventDate "2014.12.20"]

1. d4 Nf6 2. c4 g6 3. Nc3 d5 4. Bf4 Bg7 5. e3 O-O 6. Rc1 c6 7. Nf3 a6 8. h3 b5
9. cxd5 cxd5 10. b4 Nc6 11. Qb3 Bb7 12. a4 a5 13. axb5 Nxb4 14. Be2 Ne4 15. Na4
Rc8 16. O-O Nd6 17. Nc5 Ba8 18. Ne5 Ne4 19. Rfd1 g5 20. Bh2 e6 21. Ned7 Re8 22.
Nxe4 Rxc1 23. Nef6+ Bxf6 24. Nxf6+ Qxf6 25. Rxc1 Qd8 26. Bc7 Qc8 27. Qb1 1-0

[Event "European Rapid 2014"]
[Site "Wroclaw POL"]
[Date "2014.12.20"]
[Round "5.16"]
[White "Loginov, Valery A"]
[Black "Efimenko, Zahar"]
[Result "0-1"]
[WhiteTitle "GM"]
[BlackTitle "GM"]
[WhiteElo "2486"]
[BlackElo "2643"]
[WhiteFideId "4126297"]
[BlackFideId "14107201"]
[EventDate "2014.12.20"]

1. e4 g6 2. d4 d6 3. Nc3 Nf6 4. f4 Bg7 5. Nf3 O-O 6. Bd3 Na6 7. O-O c5 8. d5 Bg4
9. h3 Bxf3 10. Rxf3 Nc7 11. a4 e6 12. dxe6 fxe6 13. Be3 Qe7 14. Bf2 d5 15. exd5
exd5 16. Qe1 Qd6 17. Qe5 Qb6 18. Nb5 Nxb5 19. axb5 Rae8 20. Qg5 Qd6 21. c4 Kh8
22. Rxa7 dxc4 23. Bxc4 Qb8 24. b6 Ne4 25. Qd5 Re7 26. Bh4 Bd4+ 27. Kh1 Nf6 28.
Bxf6+ Rxf6 29. Rf1 Rxb6 30. Rfa1 Kg7 31. Ra8 Qxf4 32. Rf1 Qe5 33. Qd8 Rf6 34.
Rxf6 Qxf6 35. Qh8+ Kh6 36. Qxf6 Bxf6 37. b3 Bd4 38. g3 Re3 39. Kg2 Be5 40. Ra7
Rxg3+ 41. Kf2 Rxh3 42. Rxb7 Kg5 43. Rd7 h5 44. Rd5 Kf4 45. Kg2 Rg3+ 46. Kh2 Bd4
47. Rd6 g5 0-1

[Event "European Rapid 2014"]
[Site "Wroclaw POL"]
[Date "2014.12.20"]
[Round "5.17"]
[White "Vallejo Pons, Francisco"]
[Black "Georgiadis, Nico"]
[Result "1-0"]
[WhiteTitle "GM"]
[BlackTitle "IM"]
[WhiteElo "2705"]
[BlackElo "2465"]
[WhiteFideId "2205530"]
[BlackFideId "1300113"]
[EventDate "2014.12.20"]

1. Nc3 c5 2. Nf3 Nc6 3. e4 g6 4. Bc4 Bg7 5. a3 a6 6. Ba2 e6 7. d3 Nge7 8. Be3
Nd4 9. Qd2 b5 10. h4 h5 11. Ng5 d6 12. Nd1 Ndc6 13. c3 Ne5 14. f3 d5 15. f4 d4
16. fxe5 dxe3 17. Qxe3 O-O 18. Nf2 Nc6 19. Qxc5 Nxe5 20. d4 Nd7 21. Qd6 a5 22.
O-O Ra6 23. Qg3 Bb7 24. Nd3 Qe7 25. Rf2 Bh6 26. Re1 Bxg5 27. hxg5 Kg7 28. Ne5
Nxe5 29. Qxe5+ Kg8 30. Qxb5 Qc7 31. Qe2 Rb6 32. Qe3 Ba6 33. d5 e5 34. c4 Rc8 35.
Rc1 Qc5 36. Qxc5 Rxc5 37. b3 Rb7 38. Rf6 1-0

[Event "European Rapid 2014"]
[Site "Wroclaw POL"]
[Date "2014.12.20"]
[Round "5.18"]
[White "Salgado Lopez, Ivan"]
[Black "Czakon, Jakub"]
[Result "0-1"]
[WhiteTitle "GM"]
[BlackTitle "IM"]
[WhiteElo "2622"]
[BlackElo "2479"]
[WhiteFideId "2257327"]
[BlackFideId "1120840"]
[EventDate "2014.12.20"]

1. e4 e5 2. Nf3 Nc6 3. Bb5 Nf6 4. d3 d6 5. c3 Bd7 6. O-O g6 7. Ba4 Bg7 8. Bg5
O-O 9. Nbd2 Qe8 10. Bb3 Nh5 11. Re1 Kh8 12. Nf1 f5 13. exf5 gxf5 14. d4 e4 15.
Nh4 Bf6 16. Bxf6+ Rxf6 17. f3 Nf4 18. fxe4 fxe4 19. d5 Ne5 20. Ng3 Rh6 21. Nhf5
Bxf5 22. Nxf5 Qg6 23. Ng3 Rg8 24. Re3 Rxh2 25. Kxh2 Qh6+ 26. Nh5 Rxg2+ 27. Kh1
Rg4 0-1

[Event "European Rapid 2014"]
[Site "Wroclaw POL"]
[Date "2014.12.20"]
[Round "5.19"]
[White "Moiseenko, Alexander"]
[Black "Gdanski, Jacek"]
[Result "1-0"]
[WhiteTitle "GM"]
[BlackTitle "GM"]
[WhiteElo "2692"]
[BlackElo "2500"]
[WhiteFideId "14102560"]
[BlackFideId "1100106"]
[EventDate "2014.12.20"]

1. d4 g6 2. e4 Bg7 3. Nc3 d6 4. Be3 a6 5. Bd3 b5 6. a4 b4 7. Nce2 Nf6 8. h3 Bb7
9. Ng3 O-O 10. Nf3 Nbd7 11. O-O c5 12. c3 a5 13. Qd2 Qc7 14. Bh6 Rfc8 15. Bxg7
Kxg7 16. Rac1 cxd4 17. cxd4 Qd8 18. Qg5 e6 19. Rcd1 h6 20. Qe3 Ba6 21. Nh2 Bxd3
22. Qxd3 Qc7 23. Rd2 Qc6 24. f4 d5 25. e5 Ne4 26. Nxe4 dxe4 27. Qg3 h5 28. d5
Qc5+ 29. Kh1 e3 30. Re2 Qxd5 31. Qxe3 Qc5 32. Qg3 Qc4 33. Ree1 Nc5 34. Nf3 Nd3
35. Rd1 Qxf4 36. Qxf4 Nxf4 37. Ng5 Nd5 38. Rxf7+ Kg8 39. Rb7 Rab8 40. Rxb8 Rxb8
41. Nxe6 Ne3 42. Rd7 Nc4 43. b3 Nxe5 44. Rd5 Nc6 45. Rc5 Rb6 46. Kg1 Ne7 47. Nf4
Rf6 48. g3 h4 49. Kg2 hxg3 50. Kxg3 Nf5+ 51. Kg4 Ne3+ 52. Kg5 Rf5+ 53. Rxf5 Nxf5
54. Ne6 Kh7 55. h4 Kg8 56. h5 Kf7 57. Nd8+ Ke8 58. hxg6 Ng7 59. Nc6 Kd7 60. Nxa5
Kd6 61. Kf6 Nh5+ 62. Kf7 1-0

[Event "European Rapid 2014"]
[Site "Wroclaw POL"]
[Date "2014.12.20"]
[Round "5.21"]
[White "Warakomski, Tomasz"]
[Black "Anton Guijarro, David"]
[Result "0-1"]
[WhiteTitle "IM"]
[BlackTitle "GM"]
[WhiteElo "2456"]
[BlackElo "2608"]
[WhiteFideId "1124552"]
[BlackFideId "2285525"]
[EventDate "2014.12.20"]

1. e4 e5 2. Nf3 Nc6 3. Nc3 Nf6 4. a3 d6 5. d4 Bd7 6. d5 Ne7 7. h4 Bg4 8. Bg5 a6
9. Be2 Bd7 10. h5 h6 11. Bh4 Nc8 12. Qd3 Be7 13. Nd2 O-O 14. g3 c6 15. O-O-O b5
16. f4 cxd5 17. Bxf6 Bxf6 18. Nxd5 Bc6 19. Nf1 a5 20. Nfe3 b4 21. Ng4 Be7 22.
axb4 Bxd5 23. exd5 axb4 24. Qf5 e4 25. Qxe4 f5 26. Qe6+ Rf7 27. Ne3 Bf6 28. Nc4
Bc3 29. Kb1 Qc7 30. Qe8+ Kh7 31. Bd3 Qa7 32. Na3 Qxa3 33. bxa3 Rxa3 34. Bxf5+
Rxf5 35. Qg6+ Kg8 36. Qe6+ Rf7 37. Qxc8+ Kh7 38. Qxc3 bxc3 39. Kc1 Ra1# 0-1

[Event "European Rapid 2014"]
[Site "Wroclaw POL"]
[Date "2014.12.20"]
[Round "5.22"]
[White "Kanep, Meelis"]
[Black "Azarov, Sergei"]
[Result "1-0"]
[WhiteTitle "GM"]
[BlackTitle "GM"]
[WhiteElo "2509"]
[BlackElo "2635"]
[WhiteFideId "4501047"]
[BlackFideId "13501470"]
[EventDate "2014.12.20"]

1. d4 d5 2. c4 dxc4 3. Nf3 Nf6 4. e3 b5 5. a4 b4 6. Bxc4 e6 7. O-O Bb7 8. Nbd2
Be7 9. b3 O-O 10. Bb2 Nbd7 11. Qe2 c5 12. Rfd1 Qa5 13. Rac1 Rac8 14. e4 cxd4 15.
Nxd4 Ne5 16. Nb5 Nfd7 17. Nf3 Nxc4 18. Rxd7 Nxb2 19. Qxb2 Bxe4 20. Rxe7 Bxf3 21.
gxf3 a6 22. Rxc8 Rxc8 23. Qc2 Qd8 24. Rc7 Qg5+ 25. Kf1 Rf8 26. Nd4 Qe5 27. Qc5 1-0

[Event "European Rapid 2014"]
[Site "Wroclaw POL"]
[Date "2014.12.20"]
[Round "5.23"]
[White "Ladva, Ottomar"]
[Black "Mastrovasilis, Dimitrios"]
[Result "0-1"]
[WhiteTitle "FM"]
[BlackTitle "GM"]
[WhiteElo "2404"]
[BlackElo "2608"]
[WhiteFideId "4500024"]
[BlackFideId "4202694"]
[EventDate "2014.12.20"]

1. d4 d5 2. c4 c6 3. Nf3 Nf6 4. Nc3 dxc4 5. a4 Bf5 6. Ne5 Nbd7 7. Nxc4 Nb6 8.
Ne5 a5 9. g3 Nfd7 10. Nxd7 Qxd7 11. e4 Bh3 12. Bxh3 Qxh3 13. Qb3 Ra6 14. Be3 e6
15. d5 Bb4 16. dxc6 bxc6 17. Ke2 O-O 18. Na2 c5 19. Nxb4 axb4 20. f3 Nxa4 21.
Rhd1 c4 22. Qxc4 Raa8 23. Bf2 Nxb2 24. Rxa8 Nxc4 25. Rdd8 h6 26. Rxf8+ Kh7 27.
Rxf7 Ne5 28. Rb7 Qg2 29. Rf8 Qh1 30. Rxb4 Qc1 31. Rd4 Qa3 32. Rfd8 Qxf3+ 33. Ke1
Ng4 34. Rd2 Qxe4+ 35. Re2 Qb1+ 36. Rd1 Qb4+ 37. Kf1 Qb3 38. Ke1 Nxh2 39. Re3 Qc4
40. Rdd3 Ng4 41. Ke2 Nxe3 42. Kxe3 e5 43. Rd7 Qc5+ 0-1

[Event "European Rapid 2014"]
[Site "Wroclaw POL"]
[Date "2014.12.20"]
[Round "5.24"]
[White "Kempinski, Robert"]
[Black "Weichhold, Pawel"]
[Result "1-0"]
[WhiteTitle "GM"]
[BlackTitle "IM"]
[WhiteElo "2626"]
[BlackElo "2405"]
[WhiteFideId "1105663"]
[BlackFideId "1139703"]
[EventDate "2014.12.20"]

1. d4 Nf6 2. c4 g6 3. Nc3 Bg7 4. e4 d6 5. Nf3 O-O 6. Be2 c5 7. d5 e5 8. Bd2 Ne8
9. h4 Bg4 10. Ng1 Bxe2 11. Ngxe2 f5 12. h5 f4 13. hxg6 hxg6 14. Qb3 Rf7 15.
O-O-O Qb6 16. Qc2 a6 17. Qd3 Nd7 18. g3 f3 19. Ng1 Qd8 20. Nxf3 b5 21. Qe2 b4
22. Nb1 Qa5 23. Bh6 Qxa2 24. Ng5 Re7 25. Bxg7 Rxg7 26. Rh6 Kf8 27. Ne6+ Ke7 28.
Nxg7 Nxg7 29. Rxg6 Ne8 30. Rh1 a5 31. Re6+ Kd8 32. Rh8 Kc7 33. Rexe8 Rxe8 34.
Rxe8 a4 35. Qc2 Nb6 36. Nd2 a3 37. bxa3 Qxa3+ 38. Kd1 Na4 39. Ke2 Nc3+ 40. Kf1
Qa1+ 41. Kg2 Qe1 42. Nf3 Qa1 43. Re7+ Kb6 44. Rd7 Qa3 45. Rxd6+ Ka5 46. Nxe5 Qa1
47. Nc6+ Kb6 48. Nxb4+ Kc7 49. Rc6+ 1-0

[Event "European Rapid 2014"]
[Site "Wroclaw POL"]
[Date "2014.12.20"]
[Round "5.25"]
[White "Raetsky, Alexander"]
[Black "Jussupow, Artur"]
[Result "1/2-1/2"]
[WhiteTitle "GM"]
[BlackTitle "GM"]
[WhiteElo "2423"]
[BlackElo "2582"]
[WhiteFideId "4103203"]
[BlackFideId "4618777"]
[EventDate "2014.12.20"]

1. e4 e6 2. d4 d5 3. Nc3 Bb4 4. e5 Ne7 5. Qg4 c5 6. dxc5 Nbc6 7. Bd2 Ng6 8. Nf3
Bxc5 9. Bd3 Nb4 10. O-O Nxd3 11. cxd3 Bd7 12. h4 h5 13. Qg3 Qb6 14. Rac1 Rc8 15.
Rc2 Qa6 16. Ng5 Bd4 17. Re1 Bxe5 18. Rxe5 Nxe5 19. Qxe5 f6 20. Qd4 O-O 21. Nf3
Bc6 22. Qe3 e5 23. d4 e4 24. Ne1 Rcd8 25. Qg3 Be8 26. Bf4 Rf7 27. Rd2 Qe6 28.
Nc2 a5 29. a4 Kh7 30. Ne3 Bc6 31. Bc7 Ra8 32. Bf4 Qd7 33. Kh2 Rg8 34. Qh3 g5 35.
Qxd7 Rxd7 36. hxg5 fxg5 37. Be5 Rf8 38. Kg3 Kg6 39. Kh2 h4 40. Kg1 Kf7 41. f3
exf3 42. gxf3 Ke6 43. Kg2 Rdf7 44. Rf2 b6 45. Ng4 Bb7 46. Nb5 Bc6 47. Nc3 Bb7
48. Nb5 Bc6 49. Nc3 1/2-1/2

[Event "European Rapid 2014"]
[Site "Wroclaw POL"]
[Date "2014.12.20"]
[Round "5.26"]
[White "Chigaev, Maksim"]
[Black "Krzyzanowski, Marcin"]
[Result "1-0"]
[WhiteTitle "IM"]
[BlackTitle "IM"]
[WhiteElo "2494"]
[BlackElo "2400"]
[WhiteFideId "4108116"]
[BlackFideId "1132199"]
[EventDate "2014.12.20"]

1. e4 c5 2. Nf3 e6 3. d3 Nc6 4. g3 g6 5. Bg2 Bg7 6. O-O Nge7 7. Nbd2 O-O 8. c3
d5 9. Re1 Qc7 10. Qe2 b5 11. e5 b4 12. c4 Nf5 13. Nb3 Na5 14. g4 Ne7 15. Nxa5
Qxa5 16. h4 Bb7 17. h5 dxc4 18. dxc4 Nc6 19. h6 Bh8 20. Bg5 Qc7 21. Rad1 Rae8
22. Qe3 f6 23. exf6 Bxf6 24. Bxf6 Rxf6 25. Qxc5 Qa5 26. Qxa5 Nxa5 27. Ne5 Bxg2
28. Kxg2 Re7 29. Rd8+ Rf8 30. Red1 Nb7 31. R8d7 Rfe8 32. Rxe7 Rxe7 33. c5 1-0